Let's Go (Battle) - Taylor Swift Lyrics - Statistics

General Stats
  • This quiz has been taken 10 times
  • The average score is 356 of 434
Answer Stats
Lyric % Correct
a
100%
all
100%
do
100%
down
100%
go
100%
I
100%
like
100%
me
100%
no
100%
not
100%
on
100%
that
100%
The
100%
the
100%
what
100%
where
100%
why
100%
you
100%
your
100%
and
90%
at
90%
battle
90%
but
90%
for
90%
in
90%
is
90%
let
90%
let's
90%
lets
90%
oh
90%
side
90%
so
90%
to
90%
we
90%
we're
90%
were
90%
who
90%
you're
90%
be
80%
couldn't
80%
fight
80%
fine
80%
give
80%
here
80%
if
80%
i'm
80%
it
80%
it's
80%
looking
80%
minute
80%
my
80%
never
80%
of
80%
one
80%
remind
80%
she
80%
somebody
80%
somebody's
80%
somebodys
80%
standing
80%
take
80%
that's
80%
this
80%
up?"
80%
up
80%
us
80%
baby
70%
dirty
70%
fighting
70%
first
70%
going
70%
had
70%
happened
70%
i'd
70%
I'd
70%
medal
70%
now
70%
shot's
70%
shots
70%
sidelines?
70%
taking
70%
there's
70%
tried
70%
wanna
70%
want
70%
apart
60%
around
60%
blows
60%
"break
60%
break
60%
can't
60%
don't
60%
everybody's
60%
everybodys
60%
fired
60%
gathered
60%
gonna
60%
hit
60%
how
60%
keep
60%
know
60%
move
60%
next
60%
promise
60%
say
60%
swing
60%
these
60%
tired
60%
tore
60%
used
60%
waiting
60%
wanted
60%
war
60%
won't
60%
wont
60%
breaking
50%
come
50%
hurt
50%
make
50%
rather
50%
ring
50%
showdown
50%
sound
50%
tell
50%
everything
40%
heart
40%
more
40%
off
40%
thought
40%
been
30%
building
30%
gloves
30%
long
30%
looks
30%
we've
30%
No matching quizzes found
Score Distribution
Percent of People with Each Score
Percentile by Number Answered
Your Score History
You have not taken this quiz